Transputers and parallel architectures: message-passing distributed systems /

Salvato in:
Dettagli Bibliografici
Autori principali: Carlini, U., de (Autore), Villano, U (Autore)
Natura: Libro
Lingua:inglese
Pubblicazione: New York : Ellis Horwood, 1991
Edizione:1.vyd.
Soggetti:
Tags: Aggiungi Tag
Nessun Tag, puoi essere il primo ad aggiungerne!!

MARC

LEADER 00000nam a22000003a 4500
001 stu5136
005 20150617225812.1
008 940208s1991----xxu-----------------eng-d
020 |a 0-13-92-9050-X 
040 |a STU  |b slo 
041 0 |a eng 
044 |a xxu 
080 |a 681.32.013 
080 |a 519.687 
080 |a 681.324 
100 1 |a Carlini, U., de  |4 aut 
245 1 |a Transputers and parallel architectures: message-passing distributed systems /  |c [aut.] Carlini,U., de; Villano,U 
250 |a 1.vyd. 
260 |a New York :  |b Ellis Horwood,  |c 1991 
300 |a 211 s 
650 7 |a transputery  |2 stusub 
650 7 |a paralelné spracovanie  |2 stusub 
650 7 |a paralelné počítačové systémy  |2 stusub 
650 7 |a počítačové systémy  |2 stusub 
650 7 |a T 9000  |2 stusub 
700 1 |a Villano, U  |4 aut 
996 |c I*2RP4826  |l I  |s A  |a 24  |w stu5136_0001